Catálogo público

Maguey aguamiel/pulque : (Record no. 219817)

MARC details
000 -CABECERA
campo de control de longitud fija 03230nam a2200301 a 4500
003 - IDENTIFICADOR DEL NÚMERO DE CONTROL
campo de control OSt
005 - FECHA Y HORA DE LA ÚLTIMA TRANSACCIÓN
campo de control 20250617103701.0
008 - DATOS DE LONGITUD FIJA--INFORMACIÓN GENERAL
campo de control de longitud fija 240318s2023 mx a|||| |||| 001 0 spa d
020 ## - NÚMERO INTERNACIONAL ESTÁNDAR DEL LIBRO
Número Internacional Estándar del Libro 978-607-8082-31-5
040 ## - FUENTE DE LA CATALOGACIÓN
Centro/agencia transcriptor CHAP
Normas de descripción rda
082 00 - NÚMERO DE LA CLASIFICACIÓN DECIMAL DEWEY
Número de edición 22
Número de clasificación 338.17593356
Número de documento/Ítem M21
245 00 - MENCIÓN DE TÍTULO
Título Maguey aguamiel/pulque :
Resto del título una visión para el desarrollo territorial /
Mención de responsabilidad, etc. coordinado por Roldán Cruz Edgar Iván y Carmen Medina Mendoza.
264 #1 - PRODUCCIÓN, PUBLICACIÓN, DISTRIBUCIÓN, FABRICACIÓN Y COPYRIGHT
Producción, publicación, distribución, fabricación y copyright Hidalgo, Méx. :
Nombre del de productor, editor, distribuidor, fabricante El Colegio del Estado de Hidalgo,
Fecha de producción, publicación, distribución, fabricación o copyright 2023.
300 ## - DESCRIPCIÓN FÍSICA
Extensión 299 páginas:
Otras características físicas figuras, cuadros, tablas, gráficas.
336 ## - TIPO DE CONTENIDO
Fuente rdacontent
Término de tipo de contenido texto
Código de tipo de contenido txt
337 ## - TIPO DE MEDIO
Fuente rdamedia
Nombre/término del tipo de medio sin medio
Código del tipo de medio n
338 ## - TIPO DE SOPORTE
Fuente rdacarrier
Nombre/término del tipo de soporte volumen
Código del tipo de soporte nc
490 1# - MENCIÓN DE SERIE
Mención de serie Planeación y desarrollo regional
504 ## - NOTA DE BIBLIOGRAFÍA, ETC.
Nota de bibliografía, etc. Incluye referencias bibliográficas páginas : 45-47, 66-67, 95,118-119, 141-144, 164-170, 185-188, 206-209, 228-231, 247-252, 270-271.
520 ## - SUMARIO, ETC.
Sumario, etc. A casi cinco años de su creación, la Red Científica Maguey Nopal (RedMagNop) ha refrendado el compromiso científico y de constante vinculación interinstitucional, tanto con las y los productores que operan sobre la red agroalimentaria maguey-aguamiel-pulque, así como con las y los tomadores de decisiones, lo que ha incidido, entre otros impactos, en visibilizar las diferentes voces del quehacer científico y tecnológico en la llamada política pública.<br/>La RedMagNop fue creada por un grupo de profesores y profesoras investigadoras de al menos cuatro universidades del estado de Hidalgo: El Colegio del Estado de Hidalgo; la Universidad Tecnológica del Valle del Mezquital; el Instituto de Ciencias Agropecuarias y la Escuela Superior de Apan (ambos adscritos a la Universidad Autónoma del Estado de Hidalgo). La idea inicial de aglutinarse responde a la necesidad de atender las problemáticas científicas, tecnológicas y sociales que demandan las redes agroalimentarias del maguey y nopal en sus diferentes variedades, ponderando al sujeto agrario: ya sea campesino, agro-empresario, campesino-indígena o productor. Al día de hoy, la RedMagNop suma a 15 instituciones de educación superior con presencia en siete entidades del país y tres instituciones extranjeras (dos de Latinoamérica y una en Europa).<br/>Así pues, durante este corto tiempo las y los integrantes de la RedMagNop continúan visibilizando la diversidad de usos y el carácter polifacético de la inherente simbiosis de la planta versus ser humano. Bajo tales consignas, nace la presente propuesta editorial ya que intenta reunir tres conceptos que siempre deben estar inmersos en el análisis territorial de las redes agroalimentarias: sujeto-actor, planta-cadena y territorio-espacio. En suma, en este libro se exponen las visiones, experiencias e incidencias desde las diferentes áreas del conocimiento de las y los integrantes de la RedMagNop.
650 #7 - PUNTO DE ACCESO ADICIONAL DE MATERIA--TÉRMINO DE MATERIA
Término de materia o nombre geográfico como elemento de entrada Agave
Subdivisión general Subproductos
-- Aspectos socioeconómicos
Fuente del encabezamiento o término
9 (RLIN) 188907
650 #4 - PUNTO DE ACCESO ADICIONAL DE MATERIA--TÉRMINO DE MATERIA
9 (RLIN) 188909
Término de materia o nombre geográfico como elemento de entrada Pulque
Subdivisión general Aspectos socioeconómicos
650 #7 - PUNTO DE ACCESO ADICIONAL DE MATERIA--TÉRMINO DE MATERIA
Término de materia o nombre geográfico como elemento de entrada Agave
Subdivisión general Subproductos
-- Políticas públicas
Fuente del encabezamiento o término
9 (RLIN) 188908
700 1# - PUNTO DE ACCESO ADICIONAL--NOMBRE DE PERSONA
9 (RLIN) 188905
Nombre de persona Roldán Cruz, Edgar Iván
Término indicativo de función/relación Coordinador.
700 1# - PUNTO DE ACCESO ADICIONAL--NOMBRE DE PERSONA
9 (RLIN) 73996
Nombre de persona Medina Mendoza, Carmen
Término indicativo de función/relación Coordinador.
830 ## - PUNTO DE ACCESO ADICIONAL DE SERIE-TÍTULO UNIFORME
9 (RLIN) 188906
Título uniforme Planeación y desarrollo regional
942 ## - ELEMENTOS DE PUNTO DE ACCESO ADICIONAL (KOHA)
Fuente del sistema de clasificación o colocación Dewey Decimal Classification
Tipo de ítem Koha Libro
Holdings
Estado de retiro Estado de pérdida Fuente del sistema de clasificación o colocación Estado dañado Restricciones de uso No para préstamo Código de colección Localización permanente Ubicación/localización actual Ubicación en estantería Fecha de adquisición Total de préstamos Signatura topográfica completa Código de barras Fecha visto por última vez Precio válido a partir de Tipo de ítem Koha Número de copia
    Dewey Decimal Classification   Préstamo 15 días   General Biblioteca Central Biblioteca Central Planta alta - Colección General 18/03/2024   338.17593356 M21 33724002584984 18/03/2024 18/03/2024 Libro  
    Dewey Decimal Classification   Préstamo 15 días   General Biblioteca Central Biblioteca Central Planta alta - Colección General 18/03/2024   338.17593356 M21 33724002585025 18/03/2024 18/03/2024 Libro c.2
    Dewey Decimal Classification   Préstamo 15 días   General Biblioteca Central Biblioteca Central Planta alta - Colección General 18/03/2024   338.17593356 M21 33724002585062 18/03/2024 18/03/2024 Libro c.3